Cultura política dominicana / (Registro nro. 8155)

Detalles MARC
000 -LIDER
fixed length control field 01966nam a2200349 a 4500
001 - NÚMERO DE CONTROL
Identificador de número de control 000024016
003 - IDENTIFICACDOR DE NÚMERO DE CONTROL
control field DO-SdBNP
005 - DATE AND TIME OF LATEST TRANSACTION
control field 20241007115632.0
007 - CAMPOS FIJOS DE DESCRIPCIÓN FÍSICA
fixed length control field 000024016
008 - ELEMENTOS DE LONGITUD FIJA
fixed length control field 110118s1985 dr 001 0 spa d
040 ## - FUENTE DE CATALOGACIÓN
Agencia que crea de manera original el registro BPMSU
Idioma de catalogación spa
Agencia que realiza la transcripción BPMSU
082 #4 - NÚMERO DE CLASIFICACIÓN DECIMAL DE DEWEY
Classification number 320.97293
Item number C951c 1985
Edition number 22
100 1# - ASIENTO PRINCIPAL -- NOMBRE PERSONAL
Nombre personal Cross Beras, Julio A.
245 10 - MENCIÓN DE TITULO
Título Cultura política dominicana /
Mención de responsabilidad Julio A. Cross Beras.
260 ## - PUBLICACIÓN, DISTRIBUCIÓN, ETC. (PIE DE IMPRENTA)
Lugar de publicación, distribución, etc Santo Domingo :
Nombre del editor, distribuidor, etc. Instituto Tecnológico de Santo Domingo,
Fecha de publicación, distribución, etc 1985.
300 ## - DESCRIPCIÓN FÍSICA
Extensión 145 p. ;
Dimensiones 22 cm.
490 0# - MENCIÓN DE SERIES
Mención de serie Monografía,
Volume/sequential designation 20
504 ## - NOTA DE BIBLIOGRAFÍA, ETC.
Bibliography, etc Bibliografía : p. 139-145
505 0# - NOTA DE CONTENIDO
Texto normalizado de contenido El momento político 18 -- Los eventos políticos 19 -- Metodología dela encuesta 22 -- II. El sistema político 30 -- Demandas y respuestas 32 -- La cultura política 39 -- La teoría democrática 41 -- La cultura política democrática 41 -- Plan dela obra 51 -- III. Temores y esperanzas 53 -- Pasado, presente y futuro 54 -- Los problemas del país 65 -- Las expectativas 73 -- El país y el mundo 76 -- el comportamiento político 77 -- IV. Institucionalización y participación 81 -- La institucionalización 82 -- El autoritarismo 85 -- La percepción del sistema político 93 -- Las instituciones 98 -- La participación política 106 -- El liderazgo político 114 -- V. Alineación 19 -- El concepto de anomia 120 -- La escala de anomia 123 -- Un problema generalizado 127 -- Anomia y política 127 -- La crisis política 131 -- VI. Por una democracia con el pueblo
590 ## - NOTA LOCAL
Texto de la nota local Inventariado, 2024/VM
650 #4 - ENCABEZAMIENTO DE MATERIA--TEMÁTICO
Término temático o nombre geográfico como elemento de entrada Cultura política
Subdivisión geográfica República Dominicana
651 ## - ENCABEZAMIENTO DE MATERIA--NOMBRE GEOGRÁFICO
Nombre geográfico República Dominicana
Subdivisión temática general política y gobierno
710 2# - ASIENTO SECUNDARIO -- NOMBRE CORPORATIVO
Nombre corporativo o de jurisdicción Instituto Tecnológico de Santo Domingo
910 ## - VALIDACIÓN
Validación VMateo V. Control de calidad BPMSU
930 ## - EQUIVALENCE OR CROSS-REFERENCE-UNIFORM TITLE HEADING [LOCAL, CANADA]
Language of a work
Medium of performance for music
Field link and sequence number
Date of a work
Name of part/section of a work
Miscellaneous information
930 #1 - EQUIVALENCE OR CROSS-REFERENCE-UNIFORM TITLE HEADING [LOCAL, CANADA]
Language of a work
Medium of performance for music
Field link and sequence number
Date of a work
Name of part/section of a work
Miscellaneous information
930 ## - EQUIVALENCE OR CROSS-REFERENCE-UNIFORM TITLE HEADING [LOCAL, CANADA]
Language of a work
Medium of performance for music
Field link and sequence number
Date of a work
Name of part/section of a work
Miscellaneous information
930 ## - EQUIVALENCE OR CROSS-REFERENCE-UNIFORM TITLE HEADING [LOCAL, CANADA]
Language of a work
Medium of performance for music
Field link and sequence number
Date of a work
Name of part/section of a work
Miscellaneous information
Medium
942 ## - ADDED ENTRY ELEMENTS (KOHA)
Source of classification or shelving scheme Dewey Decimal Classification
Koha item type Libros
956 ## - LOCAL ELECTRONIC LOCATION AND ACCESS (OCLC)
Nombre de host
Número de acceso
Información de compresión
Inicio de sesión
Procesador de solicitud
956 ## - LOCAL ELECTRONIC LOCATION AND ACCESS (OCLC)
Nombre de host VMATEO
Número de acceso 10
Información de compresión 20150810
Inicio de sesión BPMSU
Procesador de solicitud 00151
Existencias
Withdrawn status Lost status Source of classification or shelving scheme Damaged status Not for loan Collection code Home library Current library Date acquired Total Checkouts Full call number Barcode Date last seen Copy number Price effective from Koha item type
    Dewey Decimal Classification     Colección Dominicana Biblioteca Pública Metropolitana Salomé Ureña Biblioteca Pública Metropolitana Salomé Ureña 08/10/2015   BPMSU CD 320.97293 C951c 1985 BPMSU15080262 08/10/2015 08/10/2015 Libros
    Dewey Decimal Classification     Colección Dominicana Biblioteca Pública Metropolitana Salomé Ureña Biblioteca Pública Metropolitana Salomé Ureña 08/10/2015   BPMSU CD 320.97293 C951c 1985 BPMSU15080263 08/10/2015 e.2 08/10/2015 Libros
    Dewey Decimal Classification     Colección Dominicana Biblioteca Pública Metropolitana Salomé Ureña Biblioteca Pública Metropolitana Salomé Ureña 10/09/2024   BPMSU CD 320.97293 C951c 1985 BPMSU24100018 10/09/2024 e.3 08/10/2015 Libros